000 00626nac a22001931u 4500
020 _a8122406130 :
082 0 0 _a621.31
_bWAD
090 _c9356
_d9356
100 _aWadhwa, C. L.
245 1 0 _aHigh voltage engineering :
_cC. L. Wadhwa
260 _aNew Delhi,
_bNew age,1994.
_cc1994.
300 _aviii, 281p.:
_bill.;
_c20 cm.
500 _aDistributer: Al-Ahram
504 _aIncludes bibliographical references and index.
511 _aCatalogued by: Sara
650 0 _aElectric insulators and insulation.
650 0 _aBreakdown (Electricity)
942 _cBB
_k621.31WAD
999 _c9356
_d9356